| 000 | 00500nam a2200169 i 4500 | ||
|---|---|---|---|
| 001 | 93010 | ||
| 003 | ES-MaACL | ||
| 005 | 20230906181116.0 | ||
| 007 | t| | ||
| 008 | 050406s1972 sp ||||1| spa d | ||
| 100 | 1 |
_aLock, Dennis. _973044 |
|
| 245 | 1 | 3 |
_aLa gestión de un proyecto / _cDennis Lock; [traducción de Ricardo García Reecke]. |
| 260 |
_aSalamanca : _bAnaya, _c1972. |
||
| 300 |
_a222 p. ; _c24 cm. |
||
| 700 | 1 |
_aGarcía Reecke, Ricardo. _955166 |
|
| 852 |
_aES-MaACL _jC-42595 _bR.82534 |
||
| 999 |
_c93010 _d93010 |
||